[Event "FRA-ch U12 Girls"]
[Site "Pau"]
[Date "2015.04.27"]
[Round "2"]
[White "Randrianarimanana, Alicia"]
[Black "Rubsamen, Anais"]
[Result "0-1"]
[WhiteElo "1341"]
[BlackElo "1621"]
[PlyCount "38"]
[EventDate "2015.04.26"]
[EventType "swiss"]
[EventRounds "9"]
[EventCountry "FRA"]
[SourceTitle "CBM 166 Extra"]
[Source "ChessBase"]
[SourceDate "2015.06.18"]
[SourceVersion "1"]
[SourceVersionDate "2015.06.18"]
[SourceQuality "1"]

1. d4 d5 2. c4 c6 3. Nf3 Nf6 4. e3 Bg4 5. h3 Bf5 6. cxd5 Nxd5 7. Nbd2 Nf6 8. Ne5 Nbd7 9. g4 Be6 10. f4 Nxe5 11. fxe5 Nd5 12. Nf3 Qc7 13. Bd2 f6 14. g5 g6 15. e4 Nb6 16. gxf6 exf6 17. exf6 Qg3+ 18. Ke2 Bc4+ 19. Ke3 Bh6# 0-1